Statistieken voor Tunesië Trivia Quiz

Klik hier om de quiz te nemen!

Algemene statistieken

  • Deze quiz is 230 keer genomen
  • De gemiddelde score is 13 van 19

Antwoordstatistieken

HintAntwoord% Correct
Aangrenzende landenAlgerije
98%
Aangrenzende landenLibië
96%
HoofdstadTunis
95%
Woestijn ter zuiden van TunesiëSahara
94%
Land met een vergelijkbare vlag:
Turkije
94%
Officiële taalArabisch
92%
Zee waar Tunesië aan ligtMiddellandse zee
92%
Europees land dat Tunesië heeft gekoloniseerdFrankrijk
89%
Multinationale protesten die begonnen in Tunesië in december 2010Arabische {Lente}
76%
Generaal uit die stad die de Alpen doorkruiste met olifantenHannibal
73%
Bergketen die zich uitstrekt tot in TunesiëAtlas
71%
Oude stad die tijdens de Punische oorlogen door Rome werd verslagenCarthago
66%
ValutaDinar
55%
Inheems volkBerber
51%
Grootste eilandDjerba
42%
Op één na grootste stadSfax
37%
Oude zeevarende beschaving die de stad heeft gestichtFeniciërs
35%
Legendarische eerste koningin van de bovenstaandeDido
34%
Noordelijkste punt van het Afrikaanse vastelandKaap {Angela}
22%

Scoreverdeling

Percentiel versus Aantal Correcte Antwoorden

Procent van Mensen met Elke Score

Uw Scoregeschiedenis

U heeft deze quiz nog niet genomen